| 000 | 01545cad a22002415a 4500 | ||
|---|---|---|---|
| 001 | L141946 | ||
| 008 | 080116s2008 xxk f f000 0 eng d | ||
| 035 | _a(Sirsi) u141946 | ||
| 041 | 0 | _aeng | |
| 050 | 0 | 4 | _a333.72 $2 18 |
| 110 | 1 |
_aUnited Kingdom _bParliament _bHouse of Commons _bSelect Committee of Public Accounts _93570 |
|
| 245 | 0 | 0 |
_aBuilding for the future _bsustainable construction and refurbishment on the government estate _bthird report of session 2007-08 _h[electronic resource] |
| 260 |
_aLondon _bTSO _c2008 |
||
| 490 | 0 |
_aHC _v174 |
|
| 520 | _aFollowing on from an earlier Comptroller and Auditor General report (ISBN 9780102944662), this Committee report outlines the reasons for the limited progress made by departments in meeting sustainability targets for their new buildings and major refurbishments, and looks at the prospects for improvement. Recommendations include: DEFRA ensuring clarity on how performance against BREEAM targets and the take up of Quick Wins will be reported; DEFRA helping departments by developing a lighter-weight alternative to BREEAM and explaining when to use different assessment methods; and the Treasury simplifying the application of whole-life costing. | ||
| 521 | 2 | _aAdvanced | |
| 590 | _aKA | ||
| 650 | 2 | 4 | _aBREEAM |
| 651 | 4 |
_aUnited Kingdom _y |
|
| 690 | _aBUILT ENVIRONMENT-SUSTAINABLE CONSTRUCTION | ||
| 856 | 4 | 0 |
_uhttps://www.publications.parliament.uk/pa/cm200708/cmselect/cmpubacc/174/174.pdf _zView the report free of charge at www.publications.parliament.uk... |
| 942 | _n0 | ||
| 999 |
_c107809 _d107809 |
||